Teória firmy

Gespeichert in:
Bibliographische Detailangaben
1. Verfasser: Fendeková, Eleonora, 1952-
Körperschaft: Ekonomická univerzita v Bratislave. Fakulta podnikového manažmentu
Weitere Verfasser: Strieška, Ľubomír
Format: Buch
Sprache:Slowakisch
Veröffentlicht: Bratislava EU 1993
Ausgabe:2. nezm. vyd.
Schlagworte:
Tags: Tag hinzufügen
Keine Tags, Fügen Sie das erste Tag hinzu!

MARC

LEADER 00000nam a2200000 4500
001 c004404
005 20221214083024.1
020 |a 80-225-0522-6 
041 0 |a slo 
044 |a SK 
245 1 0 |a Teória firmy  |c Eleonóra Fendeková, Ľubomír Strieška 
250 |a 2. nezm. vyd. 
264 1 |a Bratislava  |b EU  |c 1993 
300 |a 202 s. 
610 2 0 |a teória firmy 
610 2 0 |a pojmy 
610 2 0 |a mikroekonomika 
610 2 0 |a programy výrobné 
610 2 0 |a metódy optimalizačné 
610 2 0 |a funkcie produkčné 
610 2 0 |a zisk 
610 2 0 |a náklady 
610 2 0 |a modely 
610 2 0 |a konkurencia 
610 2 0 |a monopoly 
100 1 |a Fendeková, Eleonora, 1952- 
700 1 |a Strieška, Ľubomír 
710 2 |a Ekonomická univerzita v Bratislave. Fakulta podnikového manažmentu